| 000 | 00648nam a22002057a 4500 | ||
|---|---|---|---|
| 999 |
_c157780 _d157780 |
||
| 005 | 20230130121252.0 | ||
| 010 | _aENG-124133 ENG-136072 | ||
| 020 |
_c1495.00 _a9789386761286 |
||
| 035 | _aEN-107665 | ||
| 035 | _aEN-119604 | ||
| 037 | _bDBAD/PUB. | ||
| 082 | _a155.4 | ||
| 100 | _a Mahjabeen Khanam | ||
| 245 |
_aChild psychology / _c by Mahjabeen Khanam |
||
| 260 |
_aNew Delhi _bAne Books Pvt. Ltd. _c2018 |
||
| 270 |
_a4821, Parwana Bhawan, Ist Floor, 24 Ansari Road, Darya Ganj, _bNew Delhi _e110002 |
||
| 300 | v |
_avi,271p. _c22cm.(Hb) |
|
| 500 | _aIt includes bibliography and index | ||
| 942 |
_2ddc _cEN _mMAH _h155.4 |
||